Colombia mayor : (Registro nro. 3897)
[ vista simple ]
| 000 -LEADER | |
|---|---|
| fixed length control field | 01314nam a2200253Ia 4500 |
| 003 - CONTROL NUMBER IDENTIFIER | |
| control field | OSt |
| 005 - DATE AND TIME OF LATEST TRANSACTION | |
| control field | 20200905141759.0 |
| 008 - FIXED-LENGTH DATA ELEMENTS--GENERAL INFORMATION | |
| fixed length control field | 191128s2013 ck ao gr 000 0 spa d |
| 020 ## - INTERNATIONAL STANDARD BOOK NUMBER | |
| International Standard Book Number | 9789585618305 |
| 040 ## - CATALOGING SOURCE | |
| Original cataloging agency | CO-JMCR |
| Transcribing agency | CO-JMCR |
| 041 0# - LANGUAGE CODE | |
| Language code of text/sound track or separate title | spa |
| 082 04 - DEWEY DECIMAL CLASSIFICATION NUMBER | |
| Classification number | 362.6109861 / |
| Item number | G569c |
| Edition number | 23 |
| 100 1# - MAIN ENTRY--PERSONAL NAME | |
| Personal name | Gómez Ruíz, Samaida, |
| Relator term | autora |
| 9 (RLIN) | 9856 |
| 245 10 - TITLE STATEMENT | |
| Title | Colombia mayor : |
| Remainder of title | una vejez más digna para un país en paz / |
| Statement of responsibility, etc. | Samaida Gómez Ruíz y Lina Marcela Tamayo Bustamante ; fotógrafos principales, Nelson Cárdenas Ferreira y Luis Eduardo Martínez Sandoval |
| 260 ## - PUBLICATION, DISTRIBUTION, ETC. | |
| Place of publication, distribution, etc. | [Bogotá] : |
| Name of publisher, distributor, etc. | Consorcio Colombia Mayor, |
| Date of publication, distribution, etc. | 2013 |
| 300 ## - PHYSICAL DESCRIPTION | |
| Extent | 165 páginas : |
| Other physical details | fotografías a color ; |
| Dimensions | 26 cm. |
| 505 0# - FORMATTED CONTENTS NOTE | |
| Formatted contents note | Una Colombia en paz de la mano con nuestros abuelos -- Colombia mayor, un programa de amplio calado social que contribuye a la construcción de paz -- Programa Colombia mayor -- Otras miradas - perspectivas sobre la protección del adulto mayor en Iberoamérica |
| 650 14 - SUBJECT ADDED ENTRY--TOPICAL TERM | |
| Topical term or geographic name entry element | Trabajo social con ancianos |
| Geographic subdivision | Colombia |
| 9 (RLIN) | 9857 |
| 650 14 - SUBJECT ADDED ENTRY--TOPICAL TERM | |
| Topical term or geographic name entry element | Programas asistencia a la vejez |
| General subdivision | programas |
| Geographic subdivision | Colombia |
| 9 (RLIN) | 9858 |
| 700 1# - ADDED ENTRY--PERSONAL NAME | |
| Personal name | Tamayo Bustamante, Lina Marcela, |
| Relator term | autora |
| 9 (RLIN) | 9859 |
| 700 1# - ADDED ENTRY--PERSONAL NAME | |
| Personal name | Cárdenas Ferreira, Nelson, |
| Relator term | fotógrafo |
| 9 (RLIN) | 9860 |
| 700 1# - ADDED ENTRY--PERSONAL NAME | |
| Personal name | Martínez Sandoval, Luis Eduardo, |
| Relator term | fotógrafo |
| 9 (RLIN) | 9861 |
| 942 ## - ADDED ENTRY ELEMENTS (KOHA) | |
| Source of classification or shelving scheme | Dewey Decimal Classification |
| Koha item type | Books |
| Withdrawn status | Lost status | Source of classification or shelving scheme | Damaged status | Not for loan | Collection code | Home library | Current library | Date acquired | Source of acquisition | Full call number | Barcode | Date last seen | Copy number | Koha item type | Total Checkouts | Date last checked out | Price effective from |
|---|---|---|---|---|---|---|---|---|---|---|---|---|---|---|---|---|---|
| Dewey Decimal Classification | Non-fiction | Biblioteca Pública José María del Castillo y Rada | Biblioteca Pública José María del Castillo y Rada | 12/12/2018 | Donación | 362.6109861 / G569c | 201808497 | 05/16/2024 | Ej.1 | Books | |||||||
| Dewey Decimal Classification | Non-fiction | Biblioteca Pública José María del Castillo y Rada | Biblioteca Pública José María del Castillo y Rada | 12/12/2018 | Donación | 362.6109861 / G569c | 201808498 | 05/15/2025 | Ej.2 | Books | 3 | 05/14/2025 | 09/05/2020 |